000
00340nam a2200133Ia 4500
008
230411s9999 xx 000 0 und d
041
_a
eng
082
_a
SO/301/CLE/B06886
100
_a
Clement I
_9
119826
245
_a
Sociology for Nurses
260
_b
Pearson Education
_a
New Delhi
_c
2012
300
_a
310p
999
_c
157144
_d
157144